Zakládání staveb Brno 1991: 19. celostátní konference

Salvato in:
Dettagli Bibliografici
Natura: Libro
Lingua:ceco
tedesco
Pubblicazione: Brno: Stavební společnost ČS VTS, 1991
Tags: Aggiungi Tag
Nessun Tag, puoi essere il primo ad aggiungerne!!

MARC

LEADER 00000nam a22000003a 4500
001 0027672
003 SK-STU
005 20171110090558.7
007 ta
008 171109s ----xo-----e------000-0-----d
040 |a STU  |b slo 
041 0 |a cze  |a ger  |h cze 
044 |a xr 
245 1 0 |a Zakládání staveb Brno 1991:  |b 19. celostátní konference 
260 |a Brno:  |b Stavební společnost ČS VTS,  |c 1991 
300 |a 286 s. 
996 |b 284V040792  |c V* 2528/sc-17  |l VVT  |s A  |a 24  |w 0027672_0001